Terminación del contrato de trabajo: manual práctico
Uloženo v:
| Hlavní autor: | |
|---|---|
| Médium: | Kniha |
| Jazyk: | španělština |
| Vydáno: |
Santiago
Edimatri
2008
|
| Témata: | |
| Tagy: |
Přidat tag
Žádné tagy, Buďte první, kdo vytvoří štítek k tomuto záznamu!
|
MARC
| LEADER | 00000nam a2200000 a 4500 | ||
|---|---|---|---|
| 001 | UCI9291 | ||
| 003 | CL-VaPUC | ||
| 008 | 081106e20080000CL |||||||||||||||||spa|d | ||
| 020 | |a 9789568637125 | ||
| 082 | 0 | 4 | |a 344.8301 |b THO |2 21 |
| 100 | 0 | |a Thomas Mac Millan, Humberto |e author |9 532922 | |
| 245 | 1 | 0 | |a Terminación del contrato de trabajo: manual práctico |
| 300 | |a 821 p | ||
| 942 | |c BK | ||
| 945 | |d 20081106 00:00:00 |a rbrito | ||
| 260 | |a Santiago |b Edimatri |c 2008 | ||
| 650 | 7 | |a DERECHO LABORAL |2 CL-VaPUC |9 15 | |
| 650 | 7 | |a CONTRATO DE TRABAJO |2 CL-VaPUC |9 532923 | |
| 650 | 0 | |a Término del contrato de trabajo |9 381003 | |
| 650 | 0 | |a Renuncia voluntaria |9 532924 | |
| 650 | 7 | |a MUERTE DEL TRABAJADOR |2 CL-VaPUC |9 532925 | |
| 650 | 0 | |a Acoso sexual |9 375340 | |
| 583 | |a last modification |c 20170801 05:47:14 |k Rodrigo Vera | ||
| 999 | |c 331854 |d 331852 | ||
| 952 | |0 0 |1 0 |4 0 |6 344_830100000000000_THO_2008 |7 0 |8 A |9 419027 |a BIBDER |b BIBDER |d 2019-11-22 |i 4494962 |l 7 |o 344.8301 THO 2008 |p 4494962 |r 2023-01-25 |s 2020-12-28 |w 2019-11-22 |y BK |k DER | ||